[Event "Open Marianske Lazne 2018 - A + B"]
[Site "?"]
[Date "2018.01.25"]
[Round "7"]
[White "Lizak, Peter"]
[Black "Yurtseven, Melih"]
[Result "1-0"]
[WhiteElo "2458"]
[BlackElo "2404"]
[PlyCount "93"]
[EventDate "2018.??.??"]

1. d4 g6 2. e4 Bg7 3. Nc3 d6 4. Nf3 a6 5. Bc4 e6 6. h4 h6 7. Bf4 b5 8. Bd3 Nd7
9. e5 d5 10. Ne2 Ne7 11. Qd2 c5 12. c3 Qb6 13. Be3 Nf5 14. dxc5 Qc7 15. Bxf5
gxf5 16. b4 Bb7 17. Bf4 Nxe5 18. Nxe5 Bxe5 19. Bxe5 Qxe5 20. Qd4 f6 21. Rh3 Kf7
22. f4 Qe4 23. Re3 Qxg2 24. O-O-O Bc6 25. Rg1 Qh2 26. h5 Qxh5 27. Reg3 Rhg8 28.
Qe3 d4 29. Nxd4 Bd5 30. c6 Rg4 31. Rxg4 fxg4 32. Qd3 f5 33. Re1 Qg6 34. Re3 h5
35. Re5 Bc4 36. Qd2 Qf6 37. c7 Kg6 38. Nc6 Bd5 39. Rxd5 exd5 40. Ne5+ Kh6 41.
Qxd5 Rc8 42. Qd7 Qb6 43. Qxc8 Qe3+ 44. Kd1 Qg1+ 45. Kc2 Qg2+ 46. Kb3 Qd5+ 47.
Ka3 1-0

[Event "Open Marianske Lazne 2018 - A + B"]
[Site "?"]
[Date "2018.01.25"]
[Round "7"]
[White "Miesbauer, Jan"]
[Black "Chekletsov, Ilya"]
[Result "0-1"]
[WhiteElo "2276"]
[BlackElo "2373"]
[PlyCount "72"]
[EventDate "2018.??.??"]

1. d4 Nf6 2. Nf3 b6 3. Bf4 Bb7 4. e3 h6 5. Nbd2 d6 6. h3 Nbd7 7. Bd3 g5 8. Bh2
Rg8 9. Qe2 h5 10. e4 g4 11. hxg4 hxg4 12. Nh4 e6 13. d5 Nh5 14. Bg3 Nxg3 15.
fxg3 Qe7 16. Ba6 O-O-O 17. Bxb7+ Kxb7 18. a4 a5 19. Qb5 Ne5 20. b4 Ra8 21. bxa5
Rxa5 22. Qb4 Qg5 23. O-O Qe3+ 24. Rf2 Be7 25. Ra3 Qc5 26. Qb2 Ra7 27. Rc3 Qa5
28. Nc4 Nxc4 29. Rxc4 Bxh4 30. gxh4 Qe1+ 31. Rf1 Qe3+ 32. Kh1 Qe2 33. Rxc7+
Kxc7 34. Rxf7+ Kc8 35. Qc3+ Kb8 36. Rxa7 Qf1+ 0-1

[Event "Open Marianske Lazne 2018 - A + B"]
[Site "?"]
[Date "2018.01.25"]
[Round "7"]
[White "Chernyshov, Konstantin"]
[Black "Pacher, Milan"]
[Result "1-0"]
[WhiteElo "2480"]
[BlackElo "2444"]
[PlyCount "55"]
[EventDate "2018.??.??"]

1. Nf3 d5 2. c4 dxc4 3. Na3 e5 4. Nxe5 Bxa3 5. Qa4+ Nd7 6. Nxd7 Bxd7 7. Qxa3
Ne7 8. e4 Be6 9. d3 Nc6 10. Be3 Qh4 11. O-O-O O-O-O 12. f3 f5 13. Be2 a5 14.
exf5 Bxf5 15. dxc4 Rxd1+ 16. Rxd1 Qxh2 17. Qc5 Bg6 18. Qg5 Rd8 19. Qg4+ Kb8 20.
Rxd8+ Nxd8 21. Qd7 Nc6 22. Qxg7 b6 23. c5 bxc5 24. Qf8+ Kb7 25. Qxc5 Nb4 26. a3
Nc2 27. Ba6+ Kxa6 28. Qc6# 1-0

[Event "Open Marianske Lazne 2018 - A + B"]
[Site "?"]
[Date "2018.01.25"]
[Round "7"]
[White "Stefansson, Hannes"]
[Black "Obolentseva, Alexandra"]
[Result "1-0"]
[WhiteElo "2523"]
[BlackElo "2315"]
[PlyCount "47"]
[EventDate "2018.??.??"]

1. e4 c5 2. Nf3 d6 3. d4 cxd4 4. Nxd4 Nf6 5. Nc3 a6 6. f4 Nbd7 7. Be2 e6 8. Bf3
Qb6 9. a4 h5 10. a5 Qc7 11. O-O Be7 12. Kh1 Nb8 13. e5 dxe5 14. fxe5 Nfd7 15.
Bf4 g5 16. Bxh5 gxf4 17. Nxe6 Qc6 18. Nd5 Bd8 19. Bxf7+ Kxf7 20. Rxf4+ Bf6 21.
Ng5+ Ke8 22. exf6 Nc5 23. Qd4 Kf8 24. Ne7 1-0

[Event "Open Marianske Lazne 2018 - A + B"]
[Site "?"]
[Date "2018.01.25"]
[Round "7"]
[White "Low, Zhen Yu Cyrus"]
[Black "Stocek, Jiri"]
[Result "1/2-1/2"]
[WhiteElo "2437"]
[BlackElo "2566"]
[PlyCount "153"]
[EventDate "2018.??.??"]

1. e4 e6 2. d4 d5 3. Nd2 h6 4. Ngf3 Nf6 5. Bd3 c5 6. exd5 exd5 7. O-O c4 8.
Re1+ Be7 9. Bf1 O-O 10. b3 cxb3 11. axb3 Nc6 12. c3 Bf5 13. Ne5 Nxe5 14. dxe5
Ne4 15. Nxe4 dxe4 16. Qxd8 Rfxd8 17. Be3 a6 18. g3 Rac8 19. Bd4 Bb4 20. Re3 Bc5
21. Rd1 Bxd4 22. cxd4 Rc5 23. g4 Bxg4 24. Rxe4 Bxd1 25. dxc5 Bxb3 26. Rb4 Be6
27. Rxb7 Rc8 28. Bxa6 Rxc5 29. Rb8+ Kh7 30. f4 Rc1+ 31. Kf2 Rc2+ 32. Kg3 Rc3+
33. Kf2 Rc2+ 34. Kg3 Rc3+ 35. Kf2 Rh3 36. Kg2 Ra3 37. Bb7 Ra4 38. Kf3 g5 39.
Be4+ Kg7 40. fxg5 hxg5 41. Rb5 Ra3+ 42. Kf2 Rh3 43. Kg2 Re3 44. Rb4 Kh6 45. Kf2
Rh3 46. Kg2 g4 47. Rd4 Kg5 48. Bd5 Kf5 49. Bxe6+ fxe6 50. Rd8 Ra3 51. Rd4 Re3
52. Ra4 Kg5 53. Ra5 Kh4 54. Kf2 Re4 55. Kg2 Re2+ 56. Kf1 Re3 57. Kf2 Rf3+ 58.
Kg2 Rf5 59. Rb5 Rh5 60. Ra5 Kg5 61. Ra4 Kf5 62. Kg3 Rh3+ 63. Kg2 Rb3 64. Rc4
Rf3 65. h4 Rh3 66. Rc8 Rxh4 67. Rf8+ Kxe5 68. Kg3 Rh1 69. Rg8 Kf5 70. Rf8+ Ke4
71. Rg8 Rh3+ 72. Kg2 Kf4 73. Rf8+ Ke3 74. Rg8 Rh4 75. Kg3 Rh1 76. Re8 Rh6 77.
Kxg4 1/2-1/2

[Event "Open Marianske Lazne 2018 - A + B"]
[Site "?"]
[Date "2018.01.25"]
[Round "7"]
[White "Sari, Yasin"]
[Black "Neuman, Petr"]
[Result "1/2-1/2"]
[WhiteElo "2309"]
[BlackElo "2452"]
[PlyCount "51"]
[EventDate "2018.??.??"]

1. d4 d5 2. c4 c6 3. cxd5 cxd5 4. Bf4 Nc6 5. e3 Nf6 6. Nc3 Bg4 7. Qb3 Na5 8.
Qa4+ Bd7 9. Qc2 Rc8 10. Bd3 e6 11. Nf3 Be7 12. h3 O-O 13. O-O Nc4 14. Rfc1 Qb6
15. b3 Nd6 16. Ne5 Bb5 17. Qd1 Bxd3 18. Nxd3 Qa5 19. Na4 b6 20. Ne5 Qb5 21.
Rxc8 Rxc8 22. Rc1 Qe8 23. Rc2 Nb5 24. Qc1 Rxc2 25. Qxc2 Bd6 26. Nd3 1/2-1/2

[Event "Open Marianske Lazne 2018 - A + B"]
[Site "?"]
[Date "2018.01.25"]
[Round "7"]
[White "Nguyen, Thai Dai Van"]
[Black "Srinath, Rao S V"]
[Result "1-0"]
[WhiteElo "2510"]
[BlackElo "2270"]
[PlyCount "81"]
[EventDate "2018.??.??"]

1. Nf3 Nf6 2. c4 g6 3. g3 Bg7 4. Bg2 O-O 5. O-O d6 6. d4 Nc6 7. Nc3 e5 8. dxe5
Nxe5 9. Nxe5 dxe5 10. Qxd8 Rxd8 11. Bg5 Rd4 12. b3 c6 13. Na4 Bf5 14. Nc5 Rb8
15. e3 Rd6 16. e4 Bd7 17. Rad1 Rxd1 18. Rxd1 Be8 19. Bh3 h6 20. Be3 Bf8 21. f3
a6 22. Kg2 Kh7 23. Nd3 Bg7 24. Bb6 Bd7 25. Nc5 Bxh3+ 26. Kxh3 Re8 27. Rd8 Rxd8
28. Bxd8 b5 29. Bxf6 Bxf6 30. Nxa6 bxc4 31. bxc4 Kg7 32. Nb8 Kf8 33. Nxc6 Ke8
34. Nb4 Kd7 35. Kg2 Be7 36. Nd3 f6 37. Kf2 Kc6 38. Ke2 Bd6 39. Kd2 h5 40. h3 f5
41. g4 1-0

[Event "Open Marianske Lazne 2018 - A + B"]
[Site "?"]
[Date "2018.01.25"]
[Round "7"]
[White "Janik, Igor"]
[Black "Yeritsyan, Aram"]
[Result "1-0"]
[WhiteElo "2411"]
[BlackElo "2309"]
[PlyCount "77"]
[EventDate "2018.??.??"]

1. e4 e5 2. Nf3 Nc6 3. Bb5 a6 4. Ba4 Nf6 5. O-O Be7 6. Re1 b5 7. Bb3 O-O 8. h3
Bb7 9. d3 d5 10. exd5 Nxd5 11. Nxe5 Nxe5 12. Rxe5 Qd6 13. Re1 Rae8 14. Nd2 c5
15. Ne4 Qc6 16. a4 Nb6 17. a5 c4 18. Ba2 Nd7 19. Qf3 Bh4 20. Bf4 Re6 21. Re3
Rg6 22. Kf1 Qc8 23. Qh5 Bd8 24. Bg3 Qa8 25. Qf5 Nf6 26. Bb1 Nd5 27. Rf3 Ne7 28.
Qc5 f5 29. Nd2 Bxf3 30. Nxf3 f4 31. Bh4 Nf5 32. Bxd8 Qxd8 33. Ba2 Qd6 34. Qxd6
Nxd6 35. dxc4 Kh8 36. cxb5 axb5 37. Bd5 Rf5 38. a6 Nc8 39. a7 1-0

[Event "Open Marianske Lazne 2018 - A + B"]
[Site "?"]
[Date "2018.01.25"]
[Round "7"]
[White "Kochukova, Anna"]
[Black "Pena Gomez, Manuel"]
[Result "0-1"]
[WhiteElo "2110"]
[BlackElo "2491"]
[PlyCount "96"]
[EventDate "2018.??.??"]

1. e4 c5 2. Nf3 d6 3. d4 cxd4 4. Nxd4 Nf6 5. Nc3 a6 6. Be3 Ng4 7. Bg5 h6 8. Bh4
g5 9. Bg3 Bg7 10. h3 Nf6 11. Qe2 e5 12. Nb3 Be6 13. O-O-O Qc7 14. Qd3 Bf8 15.
Nd5 Bxd5 16. exd5 Nbd7 17. h4 Rg8 18. hxg5 hxg5 19. Qf5 Rc8 20. c3 Be7 21. Rh6
Qd8 22. Be2 Bf8 23. Rhh1 b5 24. Rhe1 Be7 25. Kb1 Kf8 26. Qh3 Nb6 27. Qh6+ Ke8
28. Bf3 Qd7 29. Bxe5 Qf5+ 30. Ka1 dxe5 31. d6 Bf8 32. Qh1 Nfd7 33. g4 Qf6 34.
Bb7 Rh8 35. Qg2 Rb8 36. Bxa6 Nc4 37. Bb7 Bxd6 38. Nd4 Nc5 39. Bc6+ Kf8 40. Nxb5
Be7 41. b4 e4 42. Qg3 Rb6 43. Nd4 Nd3 44. Rxe4 Qxf2 45. Qxf2 Nxf2 46. Ree1 Nxd1
47. Rxd1 Bf6 48. Be4 Rh3 0-1

[Event "Open Marianske Lazne 2018 - A + B"]
[Site "?"]
[Date "2018.01.25"]
[Round "7"]
[White "Raahul, V S."]
[Black "Plischki, Sebastian"]
[Result "1-0"]
[WhiteElo "2205"]
[BlackElo "2395"]
[PlyCount "53"]
[EventDate "2018.??.??"]

1. c4 g6 2. Nc3 c5 3. Nf3 Bg7 4. d4 cxd4 5. Nxd4 Nc6 6. Nc2 Bxc3+ 7. bxc3 Nf6
8. g3 b6 9. Bg2 Bb7 10. Nb4 O-O 11. O-O Na5 12. Nd5 Rc8 13. Nxf6+ exf6 14. Bh3
Nxc4 15. Bh6 Re8 16. Bxd7 Nb2 17. Qd2 Rxe2 18. Qxe2 Qxd7 19. f3 Qh3 20. Bf4 Na4
21. Qe7 Ba6 22. Rfd1 Nxc3 23. Rd8+ Rxd8 24. Qxd8+ Kg7 25. Bd6 Ne2+ 26. Kf2 g5
27. g4 1-0

[Event "Open Marianske Lazne 2018 - A + B"]
[Site "?"]
[Date "2018.01.25"]
[Round "7"]
[White "Siekanski, Janusz"]
[Black "German, Nikita"]
[Result "1-0"]
[WhiteElo "2272"]
[BlackElo "2229"]
[PlyCount "65"]
[EventDate "2018.??.??"]

1. d4 Nf6 2. c4 g6 3. Nc3 d5 4. cxd5 Nxd5 5. e4 Nxc3 6. bxc3 Bg7 7. Qa4+ Nd7 8.
Nf3 O-O 9. Bg5 c5 10. Rc1 Qc7 11. Bd3 a6 12. Qa3 e5 13. O-O Re8 14. Bc4 Nb6 15.
Bb3 c4 16. Bc2 Nd7 17. Be7 b5 18. Bd6 Qb6 19. Bxe5 Nxe5 20. Nxe5 Bxe5 21. dxe5
Rxe5 22. Rcd1 Re6 23. Qc1 a5 24. Kh1 Bb7 25. Qf4 Rae8 26. Rd7 R6e7 27. Rfd1 b4
28. Rxe7 Rxe7 29. h4 b3 30. axb3 cxb3 31. Rd6 Qc7 32. Bxb3 Rxe4 33. Rxg6+ 1-0

[Event "Open Marianske Lazne 2018 - A + B"]
[Site "?"]
[Date "2018.01.25"]
[Round "7"]
[White "Rosko, Lubos"]
[Black "Navrodskiy, Boris"]
[Result "0-1"]
[WhiteElo "2301"]
[BlackElo "2101"]
[PlyCount "80"]
[EventDate "2018.??.??"]

1. e4 c6 2. Nc3 d5 3. Nf3 Bg4 4. h3 Bh5 5. Qe2 dxe4 6. Nxe4 e6 7. g4 Bg6 8. d3
Nd7 9. Bd2 Ngf6 10. Nxf6+ Nxf6 11. Ne5 Nd7 12. Bg2 Nxe5 13. Qxe5 Qd6 14. Qe3
Be7 15. Bc3 O-O 16. O-O-O Qc5 17. Bd4 Qa5 18. Kb1 Rad8 19. f4 Qa4 20. Bc3 Bb4
21. Bxb4 Qxb4 22. h4 h5 23. gxh5 Bxh5 24. Bf3 Bxf3 25. Qxf3 Qd4 26. Rdg1 Rd5
27. Rg4 Kh7 28. h5 Rf5 29. Rhg1 Rg8 30. Qg3 Qf6 31. Rg6 fxg6 32. hxg6+ Kh6 33.
b3 Rh5 34. f5 Qxf5 35. Qe3+ Rg5 36. Rg3 Qf1+ 37. Kb2 Qf6+ 38. d4 Rd8 39. Rg4
Kxg6 40. Rf4 Rf5 0-1

[Event "Open Marianske Lazne 2018 - A + B"]
[Site "?"]
[Date "2018.01.25"]
[Round "7"]
[White "Lee, Qing Aun"]
[Black "Solozhenkin, Evgeniy"]
[Result "1/2-1/2"]
[WhiteElo "2277"]
[BlackElo "2451"]
[PlyCount "107"]
[EventDate "2018.??.??"]

1. e4 c5 2. Nf3 d6 3. d4 cxd4 4. Nxd4 Nf6 5. Nc3 a6 6. Bg5 e6 7. f4 h6 8. Bh4
Qb6 9. a3 Nbd7 10. Bf2 Qc7 11. Qf3 b5 12. O-O-O Bb7 13. g4 Be7 14. Bg2 g5 15.
h4 Rg8 16. hxg5 hxg5 17. f5 e5 18. Nb3 Rc8 19. Qe2 Nb6 20. Na5 Ba8 21. Rh3 Nc4
22. Nxc4 Qxc4 23. Rhd3 Rb8 24. b3 Qc7 25. Kb2 Bc6 26. Bf3 a5 27. Nd5 Bxd5 28.
exd5 Rc8 29. Rc1 Qb7 30. Be1 Bd8 31. Ka2 Nd7 32. Bc3 b4 33. Bb2 a4 34. axb4
Qxb4 35. Ba3 axb3+ 36. Rxb3 Qa4 37. Kb2 Nb6 38. Ra1 Qd4+ 39. Kb1 Nc4 40. Bc1
Rh8 41. Ra6 Rh3 42. Be3 Nxe3 43. Qxe3 Qxe3 44. Rxe3 Rb8+ 45. Kc1 Ke7 46. Kd2
Rb4 47. f6+ Kxf6 48. Rxd6+ Ke7 49. Ra6 Bc7 50. Ra7 Kd6 51. Rc3 e4 52. Raxc7
exf3 53. Rxf7 Rxg4 54. Rcxf3 1/2-1/2

[Event "Open Marianske Lazne 2018 - A + B"]
[Site "?"]
[Date "2018.01.25"]
[Round "7"]
[White "Solozhenkina, Elizaveta"]
[Black "Jurek, Josef"]
[Result "1/2-1/2"]
[WhiteElo "2190"]
[BlackElo "2260"]
[PlyCount "26"]
[EventDate "2018.??.??"]

1. e4 e6 2. d4 d5 3. Nc3 Nc6 4. e5 a6 5. f4 Nh6 6. Be3 Nf5 7. Bf2 Bb4 8. Nf3
Bd7 9. Qd2 Na7 10. a3 Bxc3 11. Qxc3 Bb5 12. a4 Bxf1 13. Kxf1 Qd7 1/2-1/2

[Event "Open Marianske Lazne 2018 - A + B"]
[Site "?"]
[Date "2018.01.25"]
[Round "7"]
[White "Voinikonis, Nikita"]
[Black "Sivakumar, Ashvin"]
[Result "1-0"]
[WhiteElo "2218"]
[BlackElo "2208"]
[PlyCount "107"]
[EventDate "2018.??.??"]

1. e4 e5 2. Nf3 Nc6 3. Bb5 a6 4. Ba4 Nf6 5. O-O Be7 6. Re1 b5 7. Bb3 d6 8. c3
O-O 9. h3 Na5 10. Bc2 c5 11. d4 Qc7 12. d5 Bd7 13. b3 Nb7 14. Be3 a5 15. Nbd2
Nd8 16. a4 b4 17. cxb4 axb4 18. Nc4 Nb7 19. Nfd2 g6 20. f4 exf4 21. Bxf4 Nh5
22. Bh6 Bf6 23. e5 dxe5 24. Bxf8 Rxf8 25. d6 Nxd6 26. Nxd6 Qxd6 27. Ne4 Qd4+
28. Qxd4 exd4 29. g4 d3 30. Nxf6+ Nxf6 31. Bxd3 h5 32. g5 Nd5 33. Re5 Nf4 34.
Bc4 Nxh3+ 35. Kh2 Nf2 36. Kg3 Ng4 37. Re7 Be6 38. Bxe6 fxe6 39. Rxe6 Rd8 40. a5
Rd3+ 41. Kf4 Kf7 42. Rae1 Rd7 43. a6 Nf2 44. Re7+ Rxe7 45. Rxe7+ Kxe7 46. a7
Nh3+ 47. Ke3 Nxg5 48. a8=Q Ne6 49. Ke4 h4 50. Ke5 Nf8 51. Qa7+ Nd7+ 52. Kd5 Kd8
53. Kd6 h3 54. Qxd7# 1-0

[Event "Open Marianske Lazne 2018 - A + B"]
[Site "?"]
[Date "2018.01.26"]
[Round "8"]
[White "Kulkarni, Bhakti"]
[Black "Pacher, Milan"]
[Result "0-1"]
[WhiteElo "2306"]
[BlackElo "2444"]
[PlyCount "114"]
[EventDate "2018.??.??"]

1. d4 d5 2. c4 e6 3. Nc3 c6 4. e4 dxe4 5. Nxe4 Bb4+ 6. Bd2 Qxd4 7. Bxb4 Qxe4+
8. Be2 Na6 9. Bd6 e5 10. Nf3 Bg4 11. Ba3 Bxf3 12. gxf3 Qg6 13. Qd2 Ne7 14.
O-O-O Qh6 15. f4 Qxf4 16. Qxf4 exf4 17. Rhe1 Rd8 18. Bd6 Rxd6 19. Rxd6 Nc5 20.
Bg4 h5 21. Bc8 a5 22. Kc2 g6 23. Re5 b6 24. Bh3 f5 25. Rxc6 Kf7 26. Rc7 Ne6 27.
Rb7 Kf6 28. Re1 Nc8 29. Rd7 Ng5 30. Bg2 f3 31. Bh1 h4 32. Rd3 Ne4 33. Rxf3 Ncd6
34. Rb3 Rc8 35. Rxb6 Rxc4+ 36. Kd3 Nxf2+ 37. Ke2 Rc2+ 38. Kf1 Nxh1 39. Rxd6+
Kg5 40. Re2 Rc1+ 41. Kg2 f4 42. Rd5+ Kh6 43. Red2 h3+ 44. Kxh3 f3 45. R2d4 Rg1
46. Rh4+ Kg7 47. Rd7+ Kf6 48. Rf4+ Ke6 49. Rg7 Nf2+ 50. Kh4 Ke5 51. Ra4 Nd3 52.
Rxa5+ Kf6 53. Raa7 g5+ 54. Kh5 Nf4+ 55. Kh6 f2 56. Rgf7+ Ke5 57. Rfe7+ Kf5 0-1

[Event "Open Marianske Lazne 2018 - A + B"]
[Site "?"]
[Date "2018.01.26"]
[Round "8"]
[White "Chekletsov, Ilya"]
[Black "Chernyshov, Konstantin"]
[Result "1/2-1/2"]
[WhiteElo "2373"]
[BlackElo "2480"]
[PlyCount "69"]
[EventDate "2018.??.??"]

1. d4 e6 2. c4 b6 3. a3 Bb7 4. Nc3 Nf6 5. Nf3 Ne4 6. Nxe4 Bxe4 7. Nd2 Bg6 8. g3
Nc6 9. e3 e5 10. d5 Na5 11. h4 h6 12. Bh3 Nb7 13. O-O a5 14. b3 Bd6 15. Bb2 O-O
16. f4 Bd3 17. fxe5 Bxf1 18. Bxf1 Bc5 19. Qf3 d6 20. Bd3 dxe5 21. Qf5 g6 22.
Qxe5 f6 23. Qe6+ Kg7 24. Ne4 Be7 25. h5 Nc5 26. Nxc5 Bxc5 27. Kg2 Qe7 28. Qg4
g5 29. Qf5 Kg8 30. Rf1 Rae8 31. a4 Bd6 32. Bxf6 Rxf6 33. Qxf6 Qxf6 34. Rxf6
Rxe3 35. Rf3 1/2-1/2

[Event "Open Marianske Lazne 2018 - A + B"]
[Site "?"]
[Date "2018.01.26"]
[Round "8"]
[White "Yurtseven, Melih"]
[Black "Miesbauer, Jan"]
[Result "1-0"]
[WhiteElo "2404"]
[BlackElo "2276"]
[PlyCount "77"]
[EventDate "2018.??.??"]

1. c4 Nf6 2. Nc3 g6 3. e4 d6 4. d4 Bg7 5. Be2 O-O 6. Be3 Nc6 7. Nf3 Bg4 8. d5
Bxf3 9. Bxf3 Ne5 10. Be2 c6 11. f4 Ned7 12. O-O cxd5 13. cxd5 Rc8 14. Bf3 Qa5
15. a3 a6 16. Bd4 b5 17. e5 Ne8 18. Bg4 Rd8 19. e6 fxe6 20. Bxe6+ Kh8 21. b4
Qc7 22. Rc1 Qb7 23. Ne4 Bxd4+ 24. Qxd4+ Ndf6 25. Rc6 Ng7 26. Ng5 h6 27. Nf7+
Rxf7 28. Bxf7 Nf5 29. Qb6 Qxb6+ 30. Rxb6 Ra8 31. Re1 Kg7 32. Be6 Nd4 33. Rb7
Kf8 34. Kf1 Nc2 35. Re2 Nxa3 36. g4 g5 37. fxg5 hxg5 38. h4 gxh4 39. Rf2 1-0

[Event "Open Marianske Lazne 2018 - A + B"]
[Site "?"]
[Date "2018.01.26"]
[Round "8"]
[White "Plat, Vojtech"]
[Black "Lizak, Peter"]
[Result "1-0"]
[WhiteElo "2569"]
[BlackElo "2458"]
[PlyCount "81"]
[EventDate "2018.??.??"]

1. e4 e6 2. d3 d5 3. Nd2 c5 4. Ngf3 Nc6 5. c3 Bd6 6. Be2 Nge7 7. Nf1 O-O 8. h4
Bc7 9. Qc2 b5 10. h5 f6 11. a4 b4 12. c4 dxe4 13. dxe4 b3 14. Qxb3 Rb8 15. Qd3
Ba5+ 16. N1d2 Qb6 17. O-O Rd8 18. Qe3 Nb4 19. Qf4 e5 20. Qh4 Nd3 21. Bxd3 Rxd3
22. Nxe5 Rxd2 23. Bxd2 Bxd2 24. Rad1 Bg5 25. Qg3 Qc7 26. f4 Be6 27. Ng4 Bxc4
28. Rf2 Rb3 29. Qh2 Bh6 30. Qh4 Kf7 31. Nxh6+ gxh6 32. e5 Rb6 33. f5 Bb3 34.
e6+ Bxe6 35. fxe6+ Rxe6 36. Qc4 Qe5 37. Rdd2 Qe4 38. Qxe4 Rxe4 39. Rfe2 Rxe2
40. Rxe2 Nd5 41. Rc2 1-0

[Event "Open Marianske Lazne 2018 - A + B"]
[Site "?"]
[Date "2018.01.26"]
[Round "8"]
[White "Liu, Yi"]
[Black "Popov, Mikhail"]
[Result "1/2-1/2"]
[WhiteElo "2337"]
[BlackElo "2416"]
[PlyCount "31"]
[EventDate "2018.??.??"]

1. d4 g6 2. c4 Nf6 3. Nc3 Bg7 4. e4 d6 5. Nf3 O-O 6. Be2 Na6 7. O-O e5 8. Be3
Ng4 9. Bg5 Qe8 10. Re1 exd4 11. Nd5 f6 12. Bf4 c6 13. Bxd6 cxd5 14. exd5 Qd8
15. Bxf8 Bxf8 16. Nxd4 1/2-1/2

[Event "Open Marianske Lazne 2018 - A + B"]
[Site "?"]
[Date "2018.01.26"]
[Round "8"]
[White "Obolentseva, Alexandra"]
[Black "Yeritsyan, Aram"]
[Result "1/2-1/2"]
[WhiteElo "2315"]
[BlackElo "2309"]
[PlyCount "148"]
[EventDate "2018.??.??"]

1. Nf3 Nf6 2. c4 e6 3. g3 a6 4. Nc3 d5 5. cxd5 exd5 6. Bg2 Nc6 7. d4 Be7 8. O-O
O-O 9. Ne5 Bf5 10. Nxc6 bxc6 11. b3 Qd7 12. Na4 Bh3 13. Bg5 Rfe8 14. Bxh3 Qxh3
15. Bxf6 Bxf6 16. Rc1 Re4 17. e3 Re6 18. Nc5 Rd6 19. Nb7 Re6 20. Qf3 Be7 21.
Na5 Rh6 22. Qg2 Qd7 23. Nb7 Re8 24. Nc5 Bxc5 25. Rxc5 g5 26. Rfc1 f5 27. Ra5
Qc8 28. Qf1 f4 29. exf4 gxf4 30. Rxa6 Ree6 31. b4 f3 32. Ra3 Ref6 33. Re1 Qg4
34. Re7 Rf7 35. Rxf7 Kxf7 36. Qd3 Kg7 37. Qxf3 Qxd4 38. Qc3 Qxc3 39. Rxc3 Kf8
40. Re3 Rg6 41. h3 c5 42. bxc5 Rc6 43. Rc3 Ke7 44. Kf1 Ra6 45. Rc2 Rh6 46. h4
Kd7 47. Ke2 Kc6 48. Kd3 Rf6 49. Kd4 Re6 50. f4 h5 51. Rc3 Re4+ 52. Kd3 Ra4 53.
a3 d4 54. Rc4 Rxa3+ 55. Kxd4 Rxg3 56. Ke5 Rg4 57. Rc1 Rxh4 58. f5 Rh2 59. f6
Re2+ 60. Kf5 Rf2+ 61. Ke6 Re2+ 62. Kf5 Rf2+ 63. Kg6 h4 64. f7 h3 65. Rh1 Rg2+
66. Kf6 Rf2+ 67. Ke7 Re2+ 68. Kf8 h2 69. Rf1 Re3 70. Rf6+ Kxc5 71. Rh6 Re2 72.
Kg7 Rg2+ 73. Kf6 Rf2+ 74. Ke7 Re2+ 1/2-1/2

[Event "Open Marianske Lazne 2018 - A + B"]
[Site "?"]
[Date "2018.01.26"]
[Round "8"]
[White "Srinath, Rao S V"]
[Black "Janik, Igor"]
[Result "0-1"]
[WhiteElo "2270"]
[BlackElo "2411"]
[PlyCount "114"]
[EventDate "2018.??.??"]

1. e4 c5 2. c3 Nf6 3. e5 Nd5 4. d4 cxd4 5. Nf3 d6 6. cxd4 Nc6 7. Bc4 Nb6 8. Bb5
dxe5 9. Nxe5 Bd7 10. Nxd7 Qxd7 11. Nc3 e6 12. O-O Rd8 13. Be3 Be7 14. Qf3 O-O
15. Bxc6 bxc6 16. Rac1 Qb7 17. Qe2 Rd7 18. Rc2 Bf6 19. Rd1 Rfd8 20. Rcd2 Nd5
21. Ne4 Be7 22. Rd3 Qa6 23. Bh6 Qxa2 24. Bxg7 Kxg7 25. Qg4+ Kf8 26. Rg3 Ke8 27.
Qg8+ Bf8 28. Rf3 Rc7 29. Ng5 Qa4 30. b3 Qb4 31. Rxf7 Rdd7 32. Rxh7 Rxh7 33.
Nxh7 Rf7 34. Ng5 Rf6 35. Nxe6 Ne7 36. Qg4 Qxb3 37. Qh5+ Ng6 38. Ng5 Qd5 39.
Re1+ Be7 40. Qg4 Qd7 41. Ne4 Re6 42. h4 Qd5 43. Re3 Nf8 44. Ng3 Rxe3 45. fxe3
a5 46. Nf5 a4 47. e4 Qd7 48. d5 a3 49. Qd1 Qa7+ 50. Kh2 a2 51. Qa1 cxd5 52.
exd5 Bf6 53. Qxf6 a1=Q 54. Qc6+ Qd7 55. Nd6+ Ke7 56. Nc8+ Kf7 57. Nd6+ Kg8 0-1

[Event "Open Marianske Lazne 2018 - A + B"]
[Site "?"]
[Date "2018.01.26"]
[Round "8"]
[White "Neuman, Petr"]
[Black "Nguyen, Thai Dai Van"]
[Result "1-0"]
[WhiteElo "2452"]
[BlackElo "2510"]
[PlyCount "69"]
[EventDate "2018.??.??"]

1. d4 e6 2. Nf3 Nf6 3. c4 d5 4. Nc3 c5 5. cxd5 Nxd5 6. e4 Nxc3 7. bxc3 cxd4 8.
cxd4 Bb4+ 9. Bd2 Bxd2+ 10. Qxd2 O-O 11. Bc4 Nd7 12. O-O b6 13. Rad1 Bb7 14. Qf4
Rc8 15. Bd3 Qf6 16. Qe3 Rfd8 17. Bb1 Qe7 18. Rfe1 Nf8 19. h4 Qb4 20. h5 h6 21.
Rd3 Rc7 22. Red1 Qb5 23. Qf4 Rdc8 24. d5 exd5 25. Nd4 Qa4 26. Qg4 dxe4 27. Nf5
Ne6 28. Rd4 Rc4 29. Rd6 Kh7 30. Ne7 Rf8 31. Ng6 fxg6 32. Qxe6 gxh5 33. Qg6+ Kh8
34. Rd8 Rc8 35. R1d7 1-0

[Event "Open Marianske Lazne 2018 - A + B"]
[Site "?"]
[Date "2018.01.26"]
[Round "8"]
[White "Stocek, Jiri"]
[Black "Sari, Yasin"]
[Result "1-0"]
[WhiteElo "2566"]
[BlackElo "2309"]
[PlyCount "41"]
[EventDate "2018.??.??"]

1. d4 d5 2. c4 c6 3. Nf3 Nf6 4. Qb3 dxc4 5. Qxc4 Bf5 6. g3 e6 7. Bg2 Be7 8. O-O
Nbd7 9. e3 O-O 10. Rd1 Qc8 11. Qe2 c5 12. Nc3 Bg4 13. h3 cxd4 14. exd4 Bxf3 15.
Qxf3 Qc4 16. Qxb7 Rab8 17. Qxa7 h5 18. Qa4 Qc7 19. Bf4 Bd6 20. Nb5 Rxb5 21.
Bxd6 1-0

[Event "Open Marianske Lazne 2018 - A + B"]
[Site "?"]
[Date "2018.01.26"]
[Round "8"]
[White "Stefansson, Hannes"]
[Black "Low, Zhen Yu Cyrus"]
[Result "1-0"]
[WhiteElo "2523"]
[BlackElo "2437"]
[PlyCount "119"]
[EventDate "2018.??.??"]

1. e4 c5 2. Nf3 d6 3. d4 cxd4 4. Nxd4 Nf6 5. Nc3 Bd7 6. Bg5 e6 7. Qd3 a6 8. f4
Be7 9. O-O-O h6 10. Bh4 g5 11. fxg5 Ng4 12. Nf3 hxg5 13. Bg3 Nc6 14. Be2 Qb6
15. h3 Qe3+ 16. Kb1 Qxd3 17. cxd3 Nge5 18. d4 Ng6 19. Na4 g4 20. Ng1 gxh3 21.
Nb6 Rd8 22. Nxh3 Rg8 23. Nf2 Nb8 24. Rc1 Nc6 25. Rcd1 Nb8 26. a4 Bc6 27. d5
exd5 28. exd5 Bd7 29. Rh5 Kf8 30. Ne4 Be8 31. Rc1 Nd7 32. Nxd7+ Rxd7 33. Rc8
Ne5 34. Bxe5 dxe5 35. Rxe5 Rd8 36. Rxd8 Bxd8 37. Nd6 Bxa4 38. Nxb7 Bf6 39. Re4
Rxg2 40. Nc5 Bb5 41. Bxb5 axb5 42. b4 Bc3 43. d6 Rd2 44. d7 Kg7 45. Rg4+ Kh6
46. Rh4+ Kg6 47. Ne4 Rxd7 48. Nxc3 Kg5 49. Re4 f5 50. Re5 Kg4 51. Rxb5 f4 52.
Rd5 Rb7 53. Rd4 Kf5 54. Kc2 f3 55. Kd3 Ke5 56. Ke3 Rf7 57. Re4+ Kd6 58. Kf2 Rh7
59. Rc4 Rf7 60. Rd4+ 1-0

[Event "Open Marianske Lazne 2018 - A + B"]
[Site "?"]
[Date "2018.01.26"]
[Round "8"]
[White "Pena Gomez, Manuel"]
[Black "Varitski, Igor"]
[Result "1-0"]
[WhiteElo "2491"]
[BlackElo "2246"]
[PlyCount "61"]
[EventDate "2018.??.??"]

1. c4 e5 2. g3 Nc6 3. Bg2 f5 4. Nc3 Nf6 5. d3 d6 6. e3 Be7 7. Nge2 O-O 8. O-O
Qe8 9. Rb1 Bd8 10. Nd5 Ne7 11. Nxf6+ Rxf6 12. b4 h5 13. h4 Rh6 14. f4 e4 15.
Bb2 Kh8 16. dxe4 fxe4 17. Bxe4 Bf5 18. Bxb7 Rb8 19. Bf3 Qg6 20. e4 Bxe4 21.
Bxg7+ Qxg7 22. Bxe4 Ng8 23. Kh2 Nf6 24. Bf5 Ng4+ 25. Bxg4 Qxg4 26. Nd4 Qd7 27.
b5 Bf6 28. Re1 Rg8 29. Re6 Qh7 30. Rb3 Rhg6 31. Nf5 1-0

[Event "Open Marianske Lazne 2018 - A + B"]
[Site "?"]
[Date "2018.01.26"]
[Round "8"]
[White "Navrodskiy, Boris"]
[Black "Kubicka, Anna"]
[Result "1/2-1/2"]
[WhiteElo "2101"]
[BlackElo "2256"]
[PlyCount "84"]
[EventDate "2018.??.??"]

1. d4 Nf6 2. c4 d6 3. Nc3 g6 4. e4 Bg7 5. Nf3 O-O 6. Be2 e5 7. O-O Nc6 8. d5
Ne7 9. b4 Nh5 10. Re1 f5 11. Ng5 Nf6 12. Bf3 f4 13. Ba3 c6 14. Rc1 h6 15. Ne6
Bxe6 16. dxe6 Nc8 17. c5 dxc5 18. Qb3 Qe7 19. bxc5 Rb8 20. Red1 Kh8 21. Be2 g5
22. Rd2 g4 23. f3 gxf3 24. gxf3 Nh5 25. Bc4 Qh4 26. Qd1 Bf6 27. Qe1 Qh3 28. Qf1
Rg8+ 29. Rg2 Ne7 30. Rcc2 Bh4 31. Nd1 Bg3 32. hxg3 Nxg3 33. Nf2 Qh5 34. Qd1
Rbd8 35. Bd3 Rg7 36. Rd2 Rdg8 37. Ng4 Qh1+ 38. Kf2 Qh4 39. Kg1 Qh1+ 40. Kf2 Qh4
41. Kg1 Qh1+ 42. Kf2 Qh4 1/2-1/2